Chakras: (Record no. 179269)

MARC details
000 -LEADER
fixed length control field 00576nam a22001937a 4500
005 - DATE AND TIME OF LATEST TRANSACTION
control field 20210603160826.0
010 ## - LCCN (DPL NO)
LC control number B-739972
020 ## - INTERNATIONAL STANDARD BOOK NUMBER
International Standard Book Number 0892816775
035 ## - SYSTEM CONTROL NUMBER
System control number B-739972
037 ## - SOURCE OF ACQUISITION
Source of stock number/acquisition Gift
082 ## - DEWEY DECIMAL CLASSIFICATION NUMBER
Classification number 181.432
100 ## - MAIN ENTRY--PERSONAL NAME
Personal name Johari, Harish
245 ## - TITLE STATEMENT
Title Chakras:
Remainder of title energy centers of transformation /
Statement of responsibility, etc by Harish Johari
260 ## - PUBLICATION, DISTRIBUTION, ETC. (IMPRINT)
Place of publication, distribution, etc USA
Name of publisher, distributor, etc Inner Traditions India
Date of publication, distribution, etc 1987
300 ## - PHYSICAL DESCRIPTION
Extent 116p.:
Other physical details ill.
Dimensions 28cm(pbk)
500 ## - GENERAL NOTE
General note include index
942 ## - ADDED ENTRY ELEMENTS (KOHA)
Source of classification or shelving scheme Dewey Decimal Classification
Item type English Books
Classification part 181.432
Call number suffix JOH
Holdings
Withdrawn status Lost status Not for loan Collection code Home library Current library Date acquired Source of acquisition Full call number Barcode Copy number Koha item type Public note
      Non-fiction Ashok Vihar Ashok Vihar 03/06/2021 Gift/Eng/03-05-2021 181.432 JOH B-739972 1 English Books Gift

© Delhi Public Library
Hit Counter
free hit counter